1481 1599 1743 1848 1302 1133 1875 1338 1025 1766 1162 1304 1098 1402 1273 1778 1015 1145 1398 1404 1148 1890 1618 1562 1114 1091 1360 1179 1269 1704 1506 1296 1860 1280 1436 1958 1221 1606 1074 1482 1495 1465 1969 1315 1226 1780 1502 1254 1519 1619 1219 1538 1423 1279 1312 1686 1334 1663 1795 1540 1998 1754 1397 1861 1543 1871 1055 1203 1553 1976 1243 1672 1811 1880 1314 1627 1740 1812 1389 1053 1152 1694 1332 1687 1379 1751 1322 1200 1759 1740 1500 1384 1748 1377 1869 1068 1354 1229 1660 BCNSPRNW ULIB Ver.6.0+V

เปลี่ยนเป็นภาษาไทย

Change to English
 แสดงรายละเอียดบรรณานุกรม
  กลับหน้าหลัก

Brief Record : Get Marc (ISO 2709) : E-mail record : QR code < ปิดหน้าต่าง
LEADER : 00000nam 2200000uu 4500
001    13399122443
003     ULIB
008    130612s2553||||th 000 0 tha d
020    ^a9789744664198
020    ^a9789744664327
060 04 ^aWW290^bม321ต
100 0  ^aมัญชิมา มะกรวัฒนะ
245 10 ^aตำรา ต้อหิน /^cมัญชิมา มะกรวัฒนะ
250    ^aพิมพ์ครั้งที่ 1
260    ^aปทุมธานี :^bโรงพิมพ์มหาวิทยาลัยธรรมศาสตร์,^c2553
300    ^a136 หน้า :^bภาพประกอบสี ;^c22 ซม.
650  2 ^aGlaucoma
650  2 ^aGlaucoma^xsurgery
650  7 ^aต้อหิน
650  7 ^aต้อหิน^xการรักษา
650  7 ^aตา, โรค
945    ^p250^l0^i19923
995    ^aทศพร
999    ^aทศพร
รายการนี้ยังไม่มีแท็ก
คุณยังไม่ได้ล็อกอิน คุณสามารถมีกิจกรรมร่วมกับเว็บไซต์ได้ แต่ต้องล็อกอินก่อน ::
  ล็อกอิน

รายการสื่อสารสนเทศ

ลำดับที่ ประเภท เลขเรียก/บาร์โค้ด สถานที่ สถานะ
1. วิทยาศาสตร์การแพทย์ และสุขภาพ
วิทยาศาสตร์การแพทย์ และสุขภาพ
WW290 ม321ต ฉ.1 
  Barcode: 19923
ห้องสมุดวิทยาเขตนครสวรรค์
►ส่วนจัดเก็บหนังสือเก่า นว.
บนชั้น
  ขอยืม

รายการใกล้เคียง
    ผู้แต่ง [มัญชิมา มะกรวัฒนะ]

    หัวเรื่อง [Glaucoma]
    หัวเรื่อง [ต้อหิน]
    หัวเรื่อง [ตา, โรค]

BibComment


ยังไม่เคยถูกคอมเมนท์

คอมเมนท์ทรัพยากรรายการนี้
  คอมเมนท์: ตำรา ต้อหิน มัญ..


 Copyright 2026. Bcnsprnw @Library